01810nam a22001697a 4500999001900000008004100019100005500060245008900115260005300204300003300257520104500290650011001335773005201445906002801497942000701525952010801532 c514622d514622201124b ||||| |||| 00| 0 eng d aBowen, Frances and Panagiotopoulos, Panos. 921345 aRegulatory roles and functions in Information-based regulation: A systematic review  aInternational Review of Administrative Sciences  a86(2), Jun, 2020: p.203-221  aInformation-based regulation occurs when regulators use information to drive changes in behaviours in order to achieve public policy objectives. Information-based regulation has emerged as an alternative way to regulate firms compared with more traditional direct command-and-control and market-based policy instruments within the contemporary regulatory state. Despite growing international interest, challenges remain in understanding the roles for regulators in information-based regulation, the functions of regulators in shaping and leveraging information flows, and the administrative capacities required to fulfil them. Based on a systematic review methodology, this article synthesises the findings of 130 peer-reviewed articles in the environmental, energy and food policy areas. It develops a typology of functions for regulators and outlines the new administrative capacities required in the contemporary regulatory state, particularly in standard setting, assurance and intermediation, and smart data management. – Reproduced  aAdministrative capacity, Information-based regulation, state smart disclosure, Systematic review 919425 aInternational Review of Administrative Sciences aADMINISTRATIVE CAPACITY cAR 00102ddc40709388625aIIPAbIIPAd2020-11-24h86(2), Jun, 2020: p.203-221 pAR124102r2020-11-24yAR